Music Quiz

Random Music or Rap Quiz

Music Quiz 29 (Clips) Stats

Quiz not verified by Sporcle

Challenge
Share
Tweet
Score 0/60 Timer 20:00
0 Plays Today
Time Song % Correct
1:20Don't Worry Be Happy
93.7%
1:00Should I Stay or Should I Go
90.5%
1:50Killing Me Softly with His Song
88%
2:30Rock Around the Clock
84.2%
7:00Paradise City
84.2%
0:00Take On Me
82.9%
5:30Faith
82.3%
9:10The Loco-Motion
80.4%
0:20Champagne Supernova
79.7%
6:10Jolene
79.7%
3:50Don't Stop Me Now
79.7%
3:00Don't Stand So Close to Me
78.5%
4:30I Want Candy
74.1%
4:50No Scrubs
74.1%
9:00Axel F
70.9%
6:20I Ran (So Far Away)
65.2%
3:30Invisible Touch
62%
8:20A Boy Named Sue
60.8%
8:40Without Me
60.1%
8:00I Miss You
50%
5:40Don't Leave Me This Way
47.5%
6:30Roam
47.5%
0:50Wooly Bully
46.8%
7:40Treasure
46.8%
4:40Spinning Around
43.7%
5:00What a Fool Believes
41.8%
7:10Make It with You
38.6%
8:10Oliver's Army
38.6%
5:50**** It (I Don't Want You Back)
37.3%
2:50Walk Like a Man
36.7%
Time Song % Correct
9:40More, More, More
36.7%
0:30Hey Mama
34.2%
3:10Bawitdaba
33.5%
9:30You've Got the Love
32.9%
0:40White Lines (Don't Don't Do It)
32.3%
2:20Babooshka
32.3%
2:10Earned It
31.6%
1:30Pictures of Matchstick Men
27.2%
4:20Tuesday Afternoon
25.9%
9:20Fools Gold
25.9%
0:10Fanfare for the Common Man
25.3%
6:00F.U.R.B. (**** You Right Back)
25.3%
8:50Monkey Gone to Heaven
24.7%
4:10Creep
20.9%
5:20Travelin' Man
20.9%
4:00Prayer In C
19%
1:10Lazy
17.7%
6:5021 Seconds
15.2%
3:20Crush
14.6%
2:00Everything Must Go
12.7%
7:50Miss Me Blind
12%
1:40Last Train Home
12%
7:20Johnny Remember Me
11.4%
8:30Have You Ever
10.8%
7:30Set You Free
10.8%
2:40Parisienne Walkways
7.6%
9:50Rhinestone Eyes
7%
6:40Wonderful Land
5.7%
3:40Rules Don't Stop
3.8%
5:10The Devil Put Dinosaurs Here
3.8%

You're not logged in!

Compare scores with friends on all Sporcle quizzes.
Sign Up with Email
OR
Log In

You Might Also Like...

Show Comments

Extras

Top Quizzes Today


Score Distribution

Your Account Isn't Verified!

In order to create a playlist on Sporcle, you need to verify the email address you used during registration. Go to your Sporcle Settings to finish the process.

Report this User

Report this user for behavior that violates our Community Guidelines.

Details: